Acteurs dans des films Jurassic - Mort subite - Statistiques

Statistiques générales
  • Ce quiz a été pris 139 fois
  • Le résultat moyen est 6 sur 10
Answers on the Grid
Answers color-coded by a green-red scale on the quiz's grid according to % correct below.
Jeff Goldblum
Scarlett Johansson
Mahershala Ali
Jonathan Bailey
Chris Pratt
Laura Dern
Sam Neill
Bryce Dallas Howard
Samuel L. Jackson
Omar Sy
Harrison Ford
Chris Evans
Rupert Grint
Emma Stone
Natalie Portman
Jennifer Lawrence
Jeremy Renner
Pedro Pascal
Glenn Close
Charlize Theron
Dwayne Johnson
Margot Robbie
Christian Bale
Tom Cruise
Brad Pitt
Josh Hutcherson
Orlando Bloom
Johnny Depp
Henry Cavill
Simon Pegg
 
Statistiques - réponses
Réponse % Correct
Barry Sembène Omar Sy
78%
Owen Grady Chris Pratt
76%
Ian Malcolm Jeff Goldblum
75%
Zora Bennett Scarlett Johansson
67%
Alan Grant Sam Neill
61%
Ellie Satler Laura Dern
60%
Claire Dearing Bryce Dallas Howard
59%
Ray Arnold Samuel L. Jackson
49%
Duncan Kinkaid Mahershala Ali
43%
Henry Loomis Jonathan Bailey
37%
Aucun quiz correspondant
Distribution des résultats
% des personnes avec chaque résultat
Percentile par nombre de réponses
Votre historique - résultats
Vous n’avez pas pris ce quiz